Beweiswert einer Wiedererkennung durch Eigenrecherche im Internet

Saved in:  
Bibliographic Details
Main Author: Pott, André (Author)
Format: Print Article
Language:German
Published: 2015
In: Juristische Rundschau
Year: 2015, Issue: 9, Pages: 462-468
Check availability: HBZ Gateway
Keywords:

MARC

LEADER 00000caa a2200000 c 4500
001 1634468619
003 DE-627
005 20220616104254.0
007 tu
008 150909s2015 xx ||||| 00| ||ger c
035 |a (DE-627)1634468619 
035 |a (DE-576)445191945 
035 |a (DE-599)BSZ445191945 
040 |a DE-627  |b ger  |c DE-627  |e rakwb 
041 |a ger 
100 1 |a Pott, André  |4 aut 
245 1 0 |a Beweiswert einer Wiedererkennung durch Eigenrecherche im Internet  |c André Pott 
264 1 |c 2015 
336 |a Text  |b txt  |2 rdacontent 
337 |a ohne Hilfsmittel zu benutzen  |b n  |2 rdamedia 
338 |a Band  |b nc  |2 rdacarrier 
689 0 0 |d g  |0 (DE-588)4011882-4  |0 (DE-627)104704861  |0 (DE-576)208896155  |a Deutschland  |2 gnd 
689 0 1 |d s  |0 (DE-588)4116634-6  |0 (DE-627)105805297  |0 (DE-576)209503203  |a Strafverfahren  |2 gnd 
689 0 2 |d s  |0 (DE-588)4058881-6  |0 (DE-627)106145592  |0 (DE-576)209128313  |a Täter  |2 gnd 
689 0 3 |d s  |0 (DE-588)4072712-9  |0 (DE-627)106094408  |0 (DE-576)209187964  |a Identifikation  |2 gnd 
689 0 4 |d s  |0 (DE-588)4189830-8  |0 (DE-627)10525424X  |0 (DE-576)210062517  |a Wiedererkennen  |2 gnd 
689 0 5 |d s  |0 (DE-588)4055762-5  |0 (DE-627)106156918  |0 (DE-576)209115289  |a Soziales Netzwerk  |2 gnd 
689 0 6 |d s  |0 (DE-588)4145175-2  |0 (DE-627)105592919  |0 (DE-576)209739436  |a Beweismittel  |2 gnd 
689 0 |5 (DE-627) 
773 0 8 |i In  |t Juristische Rundschau  |d Berlin : ˜deœ Gruyter, 1947  |g (2015), 9, Seite 462-468  |w (DE-627)129489506  |w (DE-600)205898-4  |w (DE-576)014883139  |x 0022-6920  |7 nnas 
773 1 8 |g year:2015  |g number:9  |g pages:462-468 
776 1 |o 10.1515/juru-2015-0057 
951 |a AR 
ELC |b 1 
LOK |0 000 xxxxxcx a22 zn 4500 
LOK |0 001 3289565440 
LOK |0 003 DE-627 
LOK |0 004 1634468619 
LOK |0 005 20260116101828 
LOK |0 008 170927||||||||||||||||ger||||||| 
LOK |0 040   |a DE-21-110  |c DE-627  |d DE-21-110 
LOK |0 689   |a s  |a Täteridentifizierung 
LOK |0 689   |a s  |a Internet 
LOK |0 689   |a s  |a Wahllichtbildvorlage 
LOK |0 689   |a s  |a Eigenrecherche 
LOK |0 689   |a s  |a Beweiswert 
LOK |0 852   |z Kein Bestand am IfK; Nachweis für KrimDok 
LOK |0 852   |a DE-21-110 
LOK |0 852 1  |m v  |9 00 
LOK |0 935   |a krub 
LOK |0 938   |k v 
LOK |0 939   |a 27-09-17  |b l01 
ORI |a SA-MARC-krimdoka001.raw 
TIM |a 100019901003_100020261231  |b 1990-10-03 - 2026